| 000 | 005790000a22001690004500 | ||
|---|---|---|---|
| 090 |
_aAR _b04620 |
||
| 100 | 1 |
_aMackay, William P. _992605 |
|
| 700 | 1 |
_aRebeles M., Artemio _998740 |
|
| 700 | 1 |
_aArredondo B., Hugo C. _998741 |
|
| 700 | 1 |
_aVinson , Bradleigh S. _998742 |
|
| 700 | 1 |
_aRodríguez R., Americo D. _998743 |
|
| 700 | 1 |
_aGonzález , David A. _998744 |
|
| 245 | 1 | 0 | _aImpact of the slashing and burning of a tropical rain forest on the native ant fauna (hymenoptera: Formicidae) |
| 041 | 0 | _aInglés | |
| 942 | _cARTICULO | ||
| 773 | 1 |
_tSociobiology _h3 _q257-268 p. _d1991 _g18 |
|
| 999 |
_c13720 _d13720 |
||